| 000 | 02073nam0a2200337 4500 | ||
|---|---|---|---|
| 001 | RU\NLR\bibl\433897 | ||
| 005 | 20260408194851.0 | ||
| 021 |
_aRU _b2003-44840 _92136 |
||
| 035 | _a(NLR Aleph) 000427721 | ||
| 090 |
_a735080 _c735080 |
||
| 100 | _a20030905d2003 |||y0rusy50 ca | ||
| 101 | 0 | _arus | |
| 102 | _aRU | ||
| 105 | _ay ||||||||| | ||
| 200 | 1 |
_aОсновные направления развития системы подготовки студентов по курсу "Безопасность жизнедеятельности" _eМатериалы Межвуз науч.-метод. семинара, 27 марта 2003 г. _f[Редкол.: Смирнов С.А. и др.] |
|
| 210 |
_aЗвенигород _cИзд-во МГУЛ _d2003 |
||
| 215 |
_a57 с. _d21 |
||
| 300 | _aВ надзаг.: М-во по делам гражд. обороны и чрезвычайн. ситуациям по Моск. обл. Учеб.- метод. центр По ГОЧС | ||
| 320 | _aБиблиогр.: с. 56-57 (32 назв.) | ||
| 606 |
_aБезопасность жизнедеятельности _xПреподавание _xВысшая школа _jСборники _3RU\NLR\AUTH\661310239 _92178560 |
||
| 606 |
_aБезопасность жизнедеятельности _xМетодика преподавания _xВысшие учебные заведения _jСборники _3RU\NLR\auth\661377985 _92301698 |
||
| 686 | 1 | _aЧ486.99я431 | |
| 702 | 1 |
_4340 _8rus _7ca _aСмирнов _bС. А. _cспец. по вопросам безопасности жизнедеятельности _gСергей Александрович _3RU\NLR\auth\7730925 _913942 |
|
| 712 | 0 | 2 |
_4570 _aУчебно-методический центр по гражданской обороне и чрезвычайным ситуациям Московской области _3RU\NLR\AUTH\8810048172 _9596412 |
| 801 | 0 |
_aRU _bNLR _c20030905 _gPSBO |
|
| 801 | 1 |
_aRU _bNLR _c20030905 |
|
| 942 | _cBOOK | ||
| 980 | _aNB | ||
| 980 | _aNBR | ||